• 首页
  • 本馆介绍
  • 公告通知
  • 最新文献
  • 馆藏检索
  • 电子资源
  • 读者导购
  • 参考咨询
  • 我的图书馆
  • 登录
  • 详细信息显示
  • 放入我的书架
  • 预约/预借图书
  • 作者相关作品
  • 分类相关作品
  • 丛书相关作品
  • 出版社相关作品

书目信息

  • 表格格式
  • 工作单格式
  • 卡片格式
题名:
保险经营管理学
    
 
作者: 江生忠 , 祝向军 主编
分册:  
出版信息: 北京   中国金融出版社  2001
页数: 299页
开本: 21cm
丛书名:
单 册:
中图分类: F840.3
科图分类:
主题词: 保险--经济管理--高等学校--教材 , CT--S002341--保险 , CT--S040456--经济管理
电子资源:
ISBN: 7-5049-2572-1
000 00899nam0 2200277 450
001 012002035099
005 20120628153226.29
010    @a7-5049-2572-1@dCNY20.00
100    @a20020422d2001 em y0chiy0110 ea
101 0  @achi
102    @aCN@b110000
105    @ay z 000yy
106    @ar
200 1  @a保险经营管理学@9bao xian jing ying guan li xue@f江生忠,祝向军主编
210    @a北京@c中国金融出版社@d2001
215    @a299页@d21cm
300    @a21世纪高等院校保险类教材
330    @a本书共有12章,包括:“保险公司与保险公司法人治理结构”、“保险公司组织结构”、“保险公司人力资源管理”等。
606 0  @a保险@x经济管理@x高等学校@j教材
606 0  @2CT@3S002341@a保险
606 0  @2CT@3S040456@a经济管理
690    @aF840.3@v4
701  0 @a江生忠@9jiang sheng zhong@4主编
701  0 @a祝向军@9zhu xiang jun@4主编
801  0 @aCN@bNLC@c20020429
905    @b541838-41@dF840.3@e68@f4
    
    保险经营管理学/江生忠,祝向军主编.-北京:中国金融出版社,2001
    299页;21cm
    21世纪高等院校保险类教材
    
    ISBN 7-5049-2572-1:CNY20.00
    本书共有12章,包括:“保险公司与保险公司法人治理结构”、“保险公司组织结构”、“保险公司人力资源管理”等。
●
相关链接 在E读中查询图书 在五车中查询图书 在当当中查询图书 在豆瓣中查询图书


正题名:保险经营管理学     索取号:F840.3/68         预约/预借

序号 登录号 条形码 馆藏地/架位号 状态 备注
1 541838   205418387   第一样本阅览室/ [索取号:F840.3/68] 在馆    
2 541839   205418396   第一借阅区/ [索取号:F840.3/68] 在馆    
3 541840   205418403   第一借阅区/ [索取号:F840.3/68] 在馆    
4 541841   205418412   密集书库-海洋学院/ [索取号:F840.3/68] 在馆    
唐山师范学院图书馆 欢迎您!
大连网信软件有限公司© 版权所有